| 000 | 01406cam a2200385 i 4500 | ||
|---|---|---|---|
| 999 |
_c3539 _d3539 |
||
| 001 | 17729044 | ||
| 003 | OSt | ||
| 005 | 20240220100241.0 | ||
| 008 | 130508s2013 nyu c 000 1 eng | ||
| 010 | _a 2013015946 | ||
| 020 | _a9781423146728 (hardback) | ||
| 040 |
_aDLC _beng _cDLC _erda _dDLC _dKH8 |
||
| 042 |
_apcc _alcac |
||
| 082 | 0 | 0 |
_aFIC RIO _223 |
| 100 | 1 |
_aRiordan, Rick, _eauthor. |
|
| 245 | 1 | 4 |
_aThe house of Hades / _cRick Riordan. |
| 250 | _aFirst edition. | ||
| 264 | 1 |
_aNew York : _bDisney-Hyperion Books, _c[2013] |
|
| 300 |
_a597 pages ; _c22 cm. |
||
| 336 |
_atext _2rdacontent |
||
| 337 |
_aunmediated _2rdamedia |
||
| 338 |
_avolume _2rdacarrier |
||
| 490 | 0 |
_aHeroes of Olympus ; _vbook four |
|
| 520 |
_a"Greek and Roman demigods from the Prophecy of Seven must work together to seal the Doors of Death--and help Percy and Annabeth escape the Underworld in the process"-- _cProvided by publisher. |
||
| 600 | 0 | 1 |
_aHera _c(Greek deity) _vFiction. |
| 600 | 0 | 1 |
_aGaia _c(Greek deity) _vFiction. |
| 650 | 1 |
_aMythology, Roman _vFiction. |
|
| 650 | 1 |
_aMythology, Greek _vFiction. |
|
| 650 | 1 |
_aGiants _vFiction. |
|
| 650 | 1 |
_aCamps _vFiction. |
|
| 650 | 7 |
_aJUVENILE FICTION / Fantasy & Magic. _2bisacsh |
|
| 650 | 7 |
_aJUVENILE FICTION / Action & Adventure / General. _2bisacsh |
|
| 650 | 7 |
_aJUVENILE FICTION / Legends, Myths, Fables / Greek & Roman. _2bisacsh |
|
| 942 |
_2ddc _cFIC |
||